Normal view
MARC view
Entry Personal Name
001 - CONTROL NUMBER
- control field: 26721
003 - CONTROL NUMBER IDENTIFIER
- control field: ARRUPE
005 - DATE AND TIME OF LATEST TRANSACTION
- control field: 20161013114953.0
008 - FIXED-LENGTH DATA ELEMENTS
- fixed length control field: 161013|| aca||aabn | a|a d
040 ## - CATALOGING SOURCE
- Original cataloging agency: ARRUPE
- Transcribing agency: ARRUPE
100 ## - HEADING--PERSONAL NAME
- Personal name: Huyghe, René.
670 ## - SOURCE DATA FOUND
- Source citation: Work cat.: (ARRUPE)0: Huyghe, René., Larousse encyclopedia of modern art, from 1800 to the present day., [1965]